Wir üben deutsche Grammatik

Salvato in:
Dettagli Bibliografici
Autore principale: Justová, Hana
Natura: Libro
Lingua:tedesco
Pubblicazione: Bratislava Príroda 2001
Soggetti:
Tags: Aggiungi Tag
Nessun Tag, puoi essere il primo ad aggiungerne!!

MARC

LEADER 00000nam$a2200000$$$4500
001 0053342
005 20240318115047.4
020 |a 80-07-00421-1 
041 0 |a ger 
044 |a SK 
245 1 0 |a Wir üben deutsche Grammatik  |c Hana Justová 
264 1 |a Bratislava  |b Príroda  |c 2001 
300 |a 79 s. 
500 |a Upravené podľa nových pravidiel nemeckého pravopisu. 
610 2 0 |a jazyky cudzie 
610 2 0 |a jazykoveda 
100 1 |a Justová, Hana